| 000 | 00582nam a22001817a 4500 | ||
|---|---|---|---|
| 005 | 20240131102122.0 | ||
| 008 | 240131b |||||||| |||| 00| 0 eng d | ||
| 020 | _a1556815395 | ||
| 041 | _aEnglish | ||
| 082 | _a347.7 LUB | ||
| 100 |
_aLubet, S _lEnglish |
||
| 245 |
_aModern Trail Advocacy : _bAnalysis and Practice / _cS Lubet |
||
| 250 | _aSecond Edition | ||
| 260 |
_aChicago, Illinois : _bNational Institute for Trail Advocacy, _c1993 |
||
| 300 |
_bxxxviii, 538 pages ; _c26 cm. |
||
| 650 |
_aLegal practice _bLaw |
||
| 942 |
_cBK _6ALISON_BN_VRIES |
||
| 999 |
_c1316 _d1316 |
||